New York Mets 2024 Opening day Lineup - Statistics

General Stats
  • This quiz has been taken 69 times
  • The average score is 9 of 15
Answer Stats
Hint Answer % Correct
SS Francisco Lindor
98%
1B Pete Alonso
96%
LF Brandon Nimmo
91%
C Francisco Alvarez
85%
2B Jeff Mcneil
85%
3B Mark Vientos
73%
SP Kodai Senga
56%
SP Sean Manaea
56%
RF Juan Soto
49%
SP David Peterson
40%
DH Jesse Winker
40%
SP Clay Holmes
36%
CF Jose Siri
36%
SP Frankie Montas
31%
SP Griffin Canning
25%
No matching quizzes found
Score Distribution
Percent of People with Each Score
Percentile by Number Answered
Your Score History
You have not taken this quiz